Guerra fría /

Guardado en:
Autor Corporativo: Educable.
Formato: Deslizar
Series:Tradición de Occidente
Materias:
Etiquetas: Agregar Etiqueta
Sin Etiquetas, Sea el primero en etiquetar este registro!
LEADER 00967ngm a22002535g 4500
001 CEM.cems022764
008 130507b2005##################0###0#####d
005 20241115154428.0
245 1 0 |a Guerra fría /  |c Educable. 
300 |a 27'. 
490 0 |a Tradición de Occidente 
500 |a En soporte VHS, consultar en ventanilla. 
505 0 |a Consecuencias de la 2da.guerra mundial. Desarrollo atómico de Rusia y EEUU. Enfrentamiento de las dos potencias. La doctrina Truman y el intervencionismo americano. Creación de la OTAN. Plan Marshall. Economía de postguerra. 
538 |a Soporte: VHS - Norma: Pal N - Color: Si - Grabación DRD 2005 - Hitachi=4350 
110 2 |a Educable. 
082 9 7 |/ EDU 
653 |a HISTORIA 
653 |a HISTORIA EUROPEA 
653 |a GUERRA FRIA 
653 |a RUSIA-EEUU 
653 |a OTAN 
653 |a NIVEL PRIMARIO 
653 |a NIVEL SECUNDARIO 
859 |a CEMS  |b BIB. CEMS - Depto. Recursos Didacticos  |h 973  |i EDU  |k DRD  |p 1407.12  |t Ej.1